| 000 | 00718nam a2200229 i 4500 | ||
|---|---|---|---|
| 001 | 142568 | ||
| 003 | ES-MaACL | ||
| 005 | 20250819063103.0 | ||
| 007 | t| | ||
| 008 | 071008s1974 sp |||| | spa d | ||
| 080 | _a338(46)(091) | ||
| 100 | 1 |
_aVilar, Pierre, _d1906-2003 _9114800 |
|
| 245 | 1 | 0 |
_aCrecimiento y desarrollo _b: economía e historia : reflexiones sobre el caso español / _cPierre Vilar. |
| 250 | _a2ª ed. | ||
| 260 |
_aBarcelona : _bAriel, _c1974. |
||
| 300 |
_a422 p. ; _c22 cm. |
||
| 490 | 1 |
_aAriel. Historia ; _v2 |
|
| 651 | 4 |
_aEspaña- _xSituación económica- _vHistoria. _9156949 |
|
| 830 | 0 | 0 |
_aAriel historia _v2 _9177690 |
| 852 |
_aES-MaACL _jL-434 |
||
| 999 |
_c142568 _d142568 |
||